Statistiche per Cessioni più costose - Juventus

Clicka qui per fare il quiz!

Statistiche generali

  • Questo quiz è stato fatto 113 volte
  • Il punteggio medio è 16 su 20

Statistiche sulle risposte

Costo (M €)ANazioneAnnoCalciatore% Corretto
105Manchester UnitedFrancia2016Paul Pogba
100%
39,25Bayern MonacoCile2015Arturo Vidal
99%
25Borussia DortmundGermania2020Emre Can
98%
67Bayern MonacoPaesi Bassi2022Matthijs de Ligt
98%
60BarcellonaLussemburgo/Bosnia2020Miralem Pjanić
98%
65Manchester CityPortogallo2019João Cancelo
97%
42MilanItalia2017Leonardo Bonucci
96%
77,50Real MadridFrancia2001Zinédine Zidane
96%
21AtalantaTurchia2022Merih Demiral
91%
19TottenhamUruguay2022Rodrigo Bentancur
89%
27,50EvertonItalia2019Moise Kean
88%
24,80InterSvezia2006Zlatan Ibrahimović
88%
21Bayern MonacoFrancia2017Kinglsey Coman
82%
30Real MadridSpagna2016Álvaro Morata
81%
29,50RomaItalia2019Leonardo Spinazzola
72%
37,74MilanItalia2018Mattia Caldara
66%
36,15MilanItalia2001Filippo Inzaghi
60%
20UdineseItalia2018Rolando Mandragora
52%
20SampdoriaItalia2019Emil Audero
51%
19InterItalia1999Angelo Peruzzi
15%

Distribuzione punteggi

Percentile per numero di risposta

Percentuale di utenti per punteggio

I tuoi punteggi nel tempo

Non hai fatto questo quiz